[Event "ITA-ch sf 82nd"]
[Site "Villesse"]
[Date "2023.07.21"]
[Round "8"]
[White "Ceschia, Ivano"]
[Black "Massazza, Federico"]
[Result "1/2-1/2"]
[WhiteElo "2155"]
[BlackElo "2073"]
[PlyCount "83"]
[EventDate "2023.07.15"]
[EventType "swiss"]
[EventRounds "9"]
[EventCountry "ITA"]
[SourceTitle "CBM 215 Extra"]
[Source "ChessBase"]
[SourceDate "2023.09.30"]
[SourceVersion "1"]
[SourceVersionDate "2023.09.30"]
[SourceQuality "1"]

1. e4 c5 2. Nf3 a6 3. d4 cxd4 4. Qxd4 Nc6 5. Qe3 Nf6 6. c4 g6 7. Be2 Bg7 8. 0-0 0-0 9. h3 d6 10. Rd1 Nd7 11. Nc3 Nc5 12. Bd2 Nb4 13. Rac1 f5 14. exf5 Bxf5 15. Nd4 Nc6 16. Nxc6 bxc6 17. b4 Nb7 18. Bf3 Rc8 19. Qa7 Qd7 20. Na4 Nc5 21. Qxd7 Nxd7 22. Be2 Rb8 23. Nc3 Nf6 24. g4 Be6 25. a3 Nd7 26. Ne4 h6 27. Be3 g5 28. Nxd6 exd6 29. Rxd6 Kf7 30. Rxc6 Bb2 31. Rd1 Bxa3 32. Rc7 Bxb4 33. c5 Rfc8 34. Rcxd7+ Bxd7 35. Rxd7+ Ke8 36. Rh7 Bxc5 37. Bxa6 Rb1+ 38. Kg2 Bxe3 39. Bxc8 Rb2 40. Kf3 Bxf2 41. Rxh6 Bh4 42. Ke4 1/2-1/2

[Event "ITA-ch sf 82nd"]
[Site "Villesse"]
[Date "2023.07.19"]
[Round "6"]
[White "Palozza, Christian"]
[Black "Massazza, Federico"]
[Result "1-0"]
[WhiteElo "2270"]
[BlackElo "2073"]
[PlyCount "161"]
[EventDate "2023.07.15"]
[EventType "swiss"]
[EventRounds "9"]
[EventCountry "ITA"]
[SourceTitle "CBM 215 Extra"]
[Source "ChessBase"]
[SourceDate "2023.09.30"]
[SourceVersion "1"]
[SourceVersionDate "2023.09.30"]
[SourceQuality "1"]

1. d4 d5 2. c4 c6 3. cxd5 cxd5 4. Bf4 Nc6 5. e3 Nf6 6. Bb5 g6 7. Nf3 Bg7 8. 0-0 0-0 9. Bxc6 bxc6 10. Be5 Bg4 11. Nbd2 Qb6 12. Qc2 Rfc8 13. Rfc1 Nd7 14. Bxg7 Kxg7 15. Qc3 Rab8 16. Nb3 Bxf3 17. gxf3 Nf8 18. Rc2 Qd8 19. Nc5 Qd6 20. Nd3 Nd7 21. Rac1 Qf6 22. f4 Qe6 23. Ne1 f6 24. Qd2 Qg4+ 25. Kh1 Qh3 26. Qe2 e5 27. dxe5 fxe5 28. Nd3 e4 29. Nc5 Nf6 30. Rg1 Qf3+ 31. Qxf3 exf3 32. Ne6+ Kf7 33. Ng5+ Ke7 34. Nxf3 Kd6 35. Kg2 c5 36. b3 a5 37. Nd2 a4 38. Kf3 axb3 39. axb3 Rb4 40. Rd1 Ke6 41. Rc3 Rb5 42. Ra1 Rc6 43. Ra4 Rcb6 44. Rc2 Kf5 45. Ra8 Rc6 46. Ra7 Ke6 47. Ra4 Rcb6 48. Rca2 Kd6 49. Ra8 Rb4 50. Rd8+ Ke7 51. Rc8 Kd6 52. Rd8+ Ke7 53. Rda8 Kd6 54. Rc2 R4b5 55. h3 Ke6 56. Ra7 Kd6 57. Kg3 Ke6 58. f3 Kd6 59. e4 Nh5+ 60. Kg4 d4 61. Nc4+ Kc6 62. Nxb6 Kxb6 63. Ra3 Rb4 64. f5 Kb5 65. Kg5 d3 66. Rd2 Rd4 67. Ra1 Kb4 68. Rc1 Ng3 69. f6 Rd7 70. Rc4+ Kxb3 71. Rxc5 Nf1 72. Rd1 Ne3 73. Rb1+ Ka2 74. Rb8 Nc2 75. Ra5+ Na3 76. Rba8 d2 77. Rxa3+ Kb2 78. Ra1 d1Q 79. Rxd1 Rxd1 80. f7 Rg1+ 81. Kf6 1-0

[Event "ITA-ch sf 82nd"]
[Site "Villesse"]
[Date "2023.07.15"]
[Round "1"]
[White "Massazza, Federico"]
[Black "Cappelletto, Joshuaede"]
[Result "0-1"]
[WhiteElo "2073"]
[BlackElo "2286"]
[PlyCount "46"]
[EventDate "2023.07.15"]
[EventType "swiss"]
[EventRounds "9"]
[EventCountry "ITA"]
[SourceTitle "CBM 215 Extra"]
[Source "ChessBase"]
[SourceDate "2023.09.30"]
[SourceVersion "1"]
[SourceVersionDate "2023.09.30"]
[SourceQuality "1"]

1. d4 Nf6 2. Nf3 g6 3. c4 Bg7 4. Nc3 d5 5. cxd5 Nxd5 6. e4 Nxc3 7. bxc3 c5 8. Bb5+ Nc6 9. 0-0 Qa5 10. a4 0-0 11. Bxc6 bxc6 12. Ba3 cxd4 13. cxd4 Bg4 14. Bc5 Rfd8 15. Ra3 Rd7 16. Qc2 Bxf3 17. Rxf3 Bxd4 18. Bxd4 Rxd4 19. Qxc6 Rad8 20. Qb7 Rd1 21. g3 Qxa4 22. Qxe7 Qc4 23. Rxd1 Rxd1+ 0-1

[Event "ITA-ch U20"]
[Site "Tarvisio"]
[Date "2023.07.06"]
[Round "6"]
[White "Simonelli, Mattia"]
[Black "Massazza, Federico"]
[Result "0-1"]
[WhiteElo "1827"]
[BlackElo "2073"]
[PlyCount "130"]
[EventDate "2023.07.02"]
[EventType "swiss"]
[EventRounds "9"]
[EventCountry "ITA"]
[SourceTitle "EXT 2024"]
[Source "ChessBase"]
[SourceDate "2023.10.10"]
[SourceVersion "1"]
[SourceVersionDate "2023.10.10"]
[SourceQuality "1"]

1. d4 d5 2. Nf3 Nf6 3. g3 Bf5 4. Bg2 c6 5. c4 e6 6. Nc3 Be7 7. Qb3 Qb6 8. c5 Qxb3 9. axb3 Na6 10. Ra4 Bc2 11. 0-0 Bxb3 12. Ra3 Bc2 13. Bd2 Nd7 14. Rfa1 0-0 15. b4 Rfc8 16. Bf1 Be4 17. Nxe4 dxe4 18. Ne1 Bf6 19. e3 Ndb8 20. Bc3 Re8 21. Nc2 h6 22. R1a2 Re7 23. Kg2 Kf8 24. Bc4 Rc7 25. Na1 Ke7 26. Nb3 Kd7 27. Nd2 Kc8 28. Nxe4 Be7 29. Nd2 Rd7 30. Nf3 Bf6 31. h4 Rd8 32. Nh2 Nc7 33. Rxa7 Rxa7 34. Rxa7 Nba6 35. Bxa6 bxa6 36. b5 Nxb5 37. Ra8+ Kd7 38. Rxd8+ Bxd8 39. Ba1 f6 40. Kf3 Ba5 41. Ke4 Be1 42. Kf3 Bc3 43. Bxc3 Nxc3 44. Nf1 e5 45. dxe5 fxe5 46. Nd2 Ke6 47. e4 a5 48. Nb3 a4 49. Na1 a3 50. Ke3 Na4 51. Nb3 a2 52. Kd3 Kf6 53. Kc4 Nb2+ 54. Kb4 Nd3+ 55. Ka3 Nxf2 56. Kxa2 Nxe4 57. Kb2 Nxg3 58. Na5 Ne4 59. Nxc6 Nxc5 60. Kc2 Kf5 61. Ne7+ Kg4 62. Kd2 Nd7 63. Ke3 Nf6 64. Ng6 Kh5 65. Nxe5 Ng4+ 0-1

[Event "Rome Lazio op 15th"]
[Site "Rome"]
[Date "2022.01.03"]
[Round "2"]
[White "Massazza, Federico"]
[Black "D'Antonio, Neri"]
[Result "0-1"]
[WhiteElo "1830"]
[BlackElo "2280"]
[PlyCount "148"]
[EventDate "2022.01.02"]
[EventType "swiss"]
[EventRounds "7"]
[EventCountry "ITA"]
[SourceTitle "EXT 2023"]
[Source "ChessBase"]
[SourceDate "2022.10.05"]
[SourceVersion "1"]
[SourceVersionDate "2022.10.05"]
[SourceQuality "1"]

1. d4 d5 2. c4 dxc4 3. e3 e5 4. Bxc4 exd4 5. exd4 Bd6 6. Nf3 Nf6 7. 0-0 0-0 8. Nc3 Nc6 9. h3 h6 10. Bd3 Nb4 11. Bb1 c6 12. Bd2 Re8 13. a3 Nbd5 14. Nxd5 Nxd5 15. Qc2 Nf6 16. Ba2 Be6 17. Bxe6 Rxe6 18. Rfe1 Rxe1+ 19. Rxe1 Bc7 20. Qb3 Bb6 21. Bb4 Qd5 22. Qd3 Re8 23. Rxe8+ Nxe8 24. Qe2 Qd7 25. Bc5 Nf6 26. Bxb6 axb6 27. Qe5 Ne8 28. Qb8 f6 29. h4 Kf7 30. Qf4 Ke7 31. h5 Qd6 32. Qg4 Qe6 33. Qg3 Qd6 34. Qg4 Kd8 35. Nh4 Qd7 36. Qf4 Nd6 37. Ng6 Kc8 38. Nf8 Qe7 39. Ng6 Qe1+ 40. Kh2 Qe6 41. Nf8 Qe7 42. Ng6 Qc7 43. g3 Kb8 44. Nf8 Qe7 45. Ng6 Qe6 46. Nf8 Qd5 47. Qg4 Nf5 48. Qf4+ Ka7 49. Ng6 Nxd4 50. Ne7 Nf3+ 51. Kg2 Nh4+ 52. Kh3 Qh1+ 53. Kg4 f5+ 54. Nxf5 Nxf5 55. Qxf5 Qd1+ 56. Kh3 Qe2 57. b3 Qb2 58. Qf7 Qe5 59. f4 Qa1 60. a4 Qb2 61. f5 Qe2 62. Qxg7 Qxh5+ 63. Kg2 Qxf5 64. Qxh6 Qd5+ 65. Kh2 Qxb3 66. g4 Qf3 67. g5 Qf4+ 68. Kg2 c5 69. Qf6 Qg4+ 70. Kf2 c4 71. g6 c3 72. Qxc3 Qxg6 73. Qd4 Qc2+ 74. Kf3 Ka6 0-1